LEADER 02520nam 2200553 450 001 9910480139303321 005 20170816162740.0 010 $a1-78238-466-9 035 $a(CKB)2550000001239304 035 $a(EBL)1672891 035 $a(SSID)ssj0001184895 035 $a(PQKBManifestationID)11676070 035 $a(PQKBTitleCode)TC0001184895 035 $a(PQKBWorkID)11197153 035 $a(PQKB)11095343 035 $a(MiAaPQ)EBC1672891 035 $a(MiAaPQ)EBC5359090 035 $a(EXLCZ)992550000001239304 100 $a20180606d2014 uy 0 101 0 $aeng 135 $aur|n|---||||| 181 $ctxt 182 $cc 183 $acr 200 00$aArab spring $euprisings, powers, interventions /$fedited by Kjetil Fosshagen 210 1$aNew York ;$aOxford :$cBerghahn,$d2014. 215 $a1 online resource (121 p.) 225 1 $aCritical Interventions: A Forum for Social Analysis ;$vVolume 14 300 $aDescription based upon print version of record. 311 $a1-78238-465-0 320 $aIncludes bibliographical references. 327 $aArab Spring; Contents; Introduction; Tahrir as Heterotopia; Beyond the Arab Spring; Emergency Law and Hypergovernance; The Promises and Limitations of Economic Protests in the West Bank; Stability or Democracy?; The Turkish Model for the Arab Spring; Notes on Contributors 330 $a The events of the Arab Spring presented a dramatic reconstitution of politics and the public sphere through their aesthetic and performative uses of public space. Mass demonstrations have become a new global political form, grounded in the localization of globalizing processes, institutions, and relationships. This volume delves beneath the seemingly chaotic nature of events to explore the structural dynamics underpinning popular resistance and their support or suppression. It moves beyond what has usually been defined as Arab Spring nations to include critical views on Bahrain, the Palesti 410 0$aCritical interventions ;$vVolume 14. 606 $aArab Spring, 2010- 606 $aRevolutions$zArab countries 607 $aArab countries$xPolitics and government$y21st century 608 $aElectronic books. 615 0$aArab Spring, 2010- 615 0$aRevolutions 676 $a909/.097492708312 702 $aFosshagen$b Kjetil 801 0$bMiAaPQ 801 1$bMiAaPQ 801 2$bMiAaPQ 906 $aBOOK 912 $a9910480139303321 996 $aArab spring$91335473 997 $aUNINA LEADER 00713nam 2200169z- 450 001 9910692056403321 035 $a(CKB)5470000002350860 035 $a(EXLCZ)995470000002350860 100 $a20230503cuuuuuuuu -u- - 101 0 $aeng 200 00$aPlan Colombia/Andean Counterdrug Initiative semi-annual obligation report : message from the President of the United States transmitting a report detailing the progress of spending by the executive branch during the first two quarters of fiscal year 2003 210 $aWashington 517 $aPlan Colombia/Andean Counterdrug Initiative semi-annual obligation report 906 $aBOOK 912 $a9910692056403321 996 $a"Plan Colombia"$93128286 997 $aUNINA